| 000 | 00433nam a2200133Ia 4500 | ||
|---|---|---|---|
| 003 | GCL | ||
| 008 | 140319s9999 xx 000 0 ara d | ||
| 040 |
_aGCL / _cGCL |
||
| 082 | 0 | 4 |
_a813.009 _bص ق |
| 245 | 1 | 0 | _aالقصة القصيرة دراسة نصية لتطور الشكل الفنى منذ النشاة حتى سنة 1952 |
| 260 |
_aالقاهرة : _bمكتبة دار العلوم ، _c1982 |
||
| 300 | _a439 ص | ||
| 490 | _a | ||
| 999 |
_c29788 _d29788 |
||